El Chile profundo: modelos culturales de la desigualdad y sus resistencias
Enregistré dans:
| Auteurs principaux: | , , |
|---|---|
| Format: | Livre |
| Langue: | espagnol |
| Publié: |
Santiago
Liberalia Ediciones
2013
|
| Édition: | 1a. ed |
| Sujets: | |
| Tags: |
Ajouter un tag
Pas de tags, Soyez le premier à ajouter un tag!
|
MARC
| LEADER | 00000cam a2200000 a 4500 | ||
|---|---|---|---|
| 001 | UCE0689 | ||
| 003 | CL-VaPUC | ||
| 008 | 140227e20130000cl |||||||||||||||||spa|d | ||
| 020 | |a `9789568484293 | ||
| 082 | 0 | 4 | |a 305.0983 |b MAY |2 21 |
| 100 | |a Mayol Miranda, Alberto |e autor |9 580389 | ||
| 700 | 0 | |a Azócar Rosenkranz, Carla |e author |9 573061 | |
| 700 | 0 | |a Azócar Ortiz, Carlos |e author |9 573062 | |
| 245 | 1 | 3 | |a El Chile profundo: modelos culturales de la desigualdad y sus resistencias |
| 250 | |a 1a. ed | ||
| 300 | |a 240 p | ||
| 942 | |c BK | ||
| 945 | |d 20140227 11:27:00 |a dcastane | ||
| 260 | |a Santiago |b Liberalia Ediciones |c 2013 | ||
| 650 | 0 | |a Desigualdad social |9 349409 | |
| 650 | 0 | |a Control social |9 322637 | |
| 650 | 0 | |a Problemas sociales |9 258537 | |
| 650 | 0 | |a Pobreza |9 258652 | |
| 650 | 0 | |a Igualdad de oportunidades |9 331873 | |
| 583 | |a last modification |c 20140227 11:27:00 |k Rodrigo Vera | ||
| 999 | |c 354751 |d 354749 | ||
| 952 | |0 0 |1 0 |3 erb |4 0 |6 305_098300000000000_MAY_2013 |7 0 |8 A |9 460904 |a BIBCUR |b BIBCUR |i 5056020 |o 305.0983 MAY 2013 |p 5056020 |r 2025-04-22 |w 2019-11-23 |y BK |z Catalogado en:20140227 |k PER | ||